[Event "43. Olimpiada Batumi 2018 Femenina"]
[Site "Batumi GEO"]
[Date "2018.10.02"]
[Round "8.4"]
[White "Williams, Margoe"]
[Black "Olde, Grete"]
[Result "0-1"]
[WhiteElo "1617"]
[BlackElo "1907"]
[PlyCount "82"]
[EventDate "2018.09.24"]
[EventType "team-swiss"]
[EventRounds "11"]
[EventCountry "GEO"]
[SourceTitle "Ajedrez en Madrid"]
[Source "lmi"]
[SourceDate "2018.09.24"]
[WhiteTeam "Jamaica"]
[BlackTeam "Estonia"]
[WhiteTeamCountry "JAM"]
[BlackTeamCountry "EST"]

1. d4 Nf6 2. Bf4 e6 3. e3 d5 4. Bd3 c5 5. c3 Nc6 6. Nd2 Bd6 7. Bg3 O-O 8. Ngf3
b6 9. e4 dxe4 10. Nxe4 Nxe4 11. Bxe4 Bb7 12. Bxd6 Qxd6 13. Bxh7+ Kxh7 14. Ng5+
Kg6 15. h4 cxd4 16. Qg4 f5 17. h5+ Kf6 18. Nh7+ Kf7 19. Qg6+ Ke7 20. Qxg7+ Rf7
21. Qg5+ Kd7 22. Nf6+ Kc7 23. O-O-O Qe5 24. h6 Qxf6 25. Qg3+ f4 26. Qg4 Qf5 27.
Qe2 e5 28. Rh5 Qg6 29. Rdh1 d3 30. Qd2 Rh8 31. f3 Rfh7 32. g4 Rxh6 33. Rxh6
Rxh6 34. Rxh6 Qxh6 35. Qxd3 Qh1+ 36. Kc2 Qg2+ 37. Kb3 Na5+ 38. Ka3 Qxf3 39.
Qh7+ Kc6 40. Qg6+ Kb5 41. Qe8+ Qc6 0-1

[Event "43. Olimpiada Batumi 2018 Femenina"]
[Site "Batumi GEO"]
[Date "2018.10.02"]
[Round "8.1"]
[White "Silva Rosas, Natalia"]
[Black "Vazquez Maccarini, Danitza"]
[Result "0-1"]
[WhiteElo "1833"]
[BlackElo "2082"]
[PlyCount "146"]
[EventDate "2018.09.24"]
[EventType "team-swiss"]
[EventRounds "11"]
[EventCountry "GEO"]
[SourceTitle "Ajedrez en Madrid"]
[Source "lmi"]
[SourceDate "2018.09.24"]
[WhiteTeam "Uruguay"]
[BlackTeam "Puerto Rico"]
[WhiteTeamCountry "URU"]
[BlackTeamCountry "PUR"]

1. e4 e5 2. d4 exd4 3. c3 d3 4. Bxd3 Nc6 5. Nf3 d6 6. O-O Nf6 7. Bc4 Be7 8.
Nbd2 O-O 9. Nd4 Ne5 10. Be2 c5 11. Nf5 Bxf5 12. exf5 Qd7 13. Qc2 d5 14. Nf3 Bd6
15. h3 Rfe8 16. Nxe5 Rxe5 17. b3 Qxf5 18. Bd3 Qd7 19. a4 a6 20. Bf4 Rh5 21. Qd2
Qc7 22. Bxd6 Qxd6 23. Qe2 Re8 24. Qf3 Rhe5 25. c4 Qc7 26. cxd5 Nxd5 27. Bc4 Nf6
28. Rad1 h6 29. Rd2 Ne4 30. Re2 Ng5 31. Qg3 Qb8 32. Rxe5 Rxe5 33. f4 Ne4 34.
Bxf7+ Kh8 35. Qg6 Re7 36. Bc4 Qe8 37. Qxe8+ Rxe8 38. Re1 Nd6 39. Rxe8+ Nxe8 40.
Bd5 b5 41. axb5 axb5 42. Kf2 Nd6 43. g4 g5 44. Kf3 Kg7 45. h4 gxh4 46. Kg2 c4
47. bxc4 bxc4 48. Kf2 Kg6 49. Bf3 Kf6 50. Bd5 h3 51. Kg3 c3 52. Bb3 Nb5 53.
Kxh3 Nd4 54. Bd1 Kg6 55. Kg3 c2 56. Bxc2+ Nxc2 57. Kf3 Nd4+ 58. Ke4 Nc6 59. Kd5
Ne7+ 60. Ke6 Ng8 61. g5 h5 62. Ke5 Ne7 63. Ke4 h4 64. Kf3 Kf5 65. Kg2 Kxf4 66.
Kh3 Kxg5 67. Kh2 Kg4 68. Kg2 Nf5 69. Kh2 h3 70. Kh1 Kg3 71. Kg1 Nd6 72. Kh1 Ne4
73. Kg1 h2+ 0-1

[Event "43. Olimpiada Batumi 2018 Femenina"]
[Site "Batumi GEO"]
[Date "2018.10.02"]
[Round "8.2"]
[White "Comas Colon, Rinelly M"]
[Black "Quevedo, Andreina"]
[Result "0-1"]
[WhiteElo "1720"]
[BlackElo "1809"]
[PlyCount "93"]
[EventDate "2018.09.24"]
[EventType "team-swiss"]
[EventRounds "11"]
[EventCountry "GEO"]
[SourceTitle "Ajedrez en Madrid"]
[Source "lmi"]
[SourceDate "2018.09.24"]
[WhiteTeam "Puerto Rico"]
[BlackTeam "Uruguay"]
[WhiteTeamCountry "PUR"]
[BlackTeamCountry "URU"]

1. c4 e5 2. g3 Nc6 3. Bg2 g6 4. e4 Bg7 5. Ne2 d6 6. O-O f5 7. d3 Nf6 8. Nbc3
O-O 9. Nd5 Nh5 10. f4 fxe4 11. Bxe4 Bh3 12. Bg2 Bg4 13. Qc2 Bxe2 14. Qxe2 Nd4
15. Qg4 c6 16. Nc3 Qb6 17. Kh1 Nc2 18. Qe6+ Kh8 19. Rb1 exf4 20. Bxf4 Nxf4 21.
gxf4 Ne3 22. Rfe1 Nxg2 23. Kxg2 Rxf4 24. Ne4 Raf8 25. Rf1 Rxf1 26. Rxf1 Qxb2+
27. Rf2 Rxf2+ 28. Nxf2 Bf8 29. Qf7 Qg7 30. Qe6 Qe7 31. Qg4 b5 32. cxb5 cxb5 33.
Nh3 Qb7+ 34. Kg1 Qc7 35. Qf4 Qc5+ 36. d4 Qf5 37. Qh4 Qb1+ 38. Kg2 Qxa2+ 39. Nf2
Qd5+ 40. Kf1 Qf5 41. Qd8 b4 42. Qb8 a5 43. d5 Kg8 44. Qb5 Qb1+ 45. Ke2 Qc2+ 46.
Kf3 b3 47. Qd7 0-1

[Event "43. Olimpiada Batumi 2018 Femenina"]
[Site "Batumi GEO"]
[Date "2018.10.02"]
[Round "8.3"]
[White "Malan, Lucia"]
[Black "Vega Jimenez, Keyshla M"]
[Result "1/2-1/2"]
[WhiteElo "1785"]
[BlackElo "1683"]
[PlyCount "94"]
[EventDate "2018.09.24"]
[EventType "team-swiss"]
[EventRounds "11"]
[EventCountry "GEO"]
[SourceTitle "Ajedrez en Madrid"]
[Source "lmi"]
[SourceDate "2018.09.24"]
[WhiteTeam "Uruguay"]
[BlackTeam "Puerto Rico"]
[WhiteTeamCountry "URU"]
[BlackTeamCountry "PUR"]

1. e4 e5 2. Nf3 Nc6 3. Bb5 a6 4. Ba4 Nf6 5. O-O Be7 6. d4 b5 7. dxe5 Nxe4 8.
Bb3 Nc5 9. Bd5 Bb7 10. Be3 Ne6 11. Nc3 O-O 12. Qd2 Na5 13. Bxb7 Nxb7 14. Rad1
d6 15. Ne4 Qc8 16. Qc3 Rd8 17. Nd4 Nxd4 18. Bxd4 d5 19. Nc5 Nxc5 20. Bxc5 Bxc5
21. Qxc5 c6 22. Rfe1 Qe6 23. Re3 a5 24. Qb6 Rdc8 25. Rde1 b4 26. Qc5 Rcb8 27.
Qd6 h6 28. Qxe6 fxe6 29. f4 Rf8 30. Rf1 c5 31. g4 g6 32. Rg3 Kh7 33. Rgf3 Ra7
34. f5 gxf5 35. gxf5 Rg7+ 36. Kh1 exf5 37. Rxf5 Rxf5 38. Rxf5 Re7 39. Kg1 Kg6
40. Rf6+ Kg5 41. Kf2 Rxe5 42. Ra6 Re4 43. b3 Rd4 44. Ke3 Re4+ 45. Kd3 Rd4+ 46.
Ke3 Re4+ 47. Kd3 Rd4+ 1/2-1/2

[Event "43. Olimpiada Batumi 2018 Femenina"]
[Site "Batumi GEO"]
[Date "2018.10.02"]
[Round "8.4"]
[White "Bengoa Feliciano, Katsi M"]
[Black "De Leon, Daiana"]
[Result "0-1"]
[WhiteElo "1274"]
[BlackElo "1633"]
[PlyCount "78"]
[EventDate "2018.09.24"]
[EventType "team-swiss"]
[EventRounds "11"]
[EventCountry "GEO"]
[SourceTitle "Ajedrez en Madrid"]
[Source "lmi"]
[SourceDate "2018.09.24"]
[WhiteTeam "Puerto Rico"]
[BlackTeam "Uruguay"]
[WhiteTeamCountry "PUR"]
[BlackTeamCountry "URU"]

1. e4 c6 2. Nf3 d5 3. exd5 cxd5 4. d4 Nf6 5. Nc3 e6 6. Bf4 Bd6 7. Bb5+ Nc6 8.
Bxd6 Qxd6 9. O-O O-O 10. Re1 b6 11. Bxc6 Qxc6 12. Ne5 Qe8 13. Qd3 Bd7 14. Qa6
Qc8 15. Qd3 Ne8 16. Re3 Nd6 17. Rh3 h6 18. Rg3 b5 19. Ng4 Nf5 20. Nf6+ Kh8 21.
Nxd7 Qxd7 22. Rh3 b4 23. Ne2 Rfc8 24. g4 Nd6 25. f3 Qb5 26. Qd2 Kg8 27. a4 Qc4
28. c3 Rab8 29. Rh5 bxc3 30. Nxc3 Rb3 31. Re5 Rcb8 32. Ra2 Rxb2 33. Rxb2 Rxb2
34. Qxb2 Qxd4+ 35. Kg2 Qxe5 36. Qb8+ Kh7 37. Ne2 Qxe2+ 38. Kh3 Qxf3+ 39. Kh4
g5+ 0-1

[Event "43. Olimpiada Batumi 2018 Femenina"]
[Site "Batumi GEO"]
[Date "2018.10.02"]
[Round "8.1"]
[White "Nazarova, Anastasia"]
[Black "Dornbusch, Tatiana"]
[Result "1-0"]
[WhiteElo "2029"]
[BlackElo "2271"]
[PlyCount "93"]
[EventDate "2018.09.24"]
[EventType "team-swiss"]
[EventRounds "11"]
[EventCountry "GEO"]
[SourceTitle "Ajedrez en Madrid"]
[Source "lmi"]
[SourceDate "2018.09.24"]
[WhiteTeam "Finland"]
[BlackTeam "Monaco"]
[WhiteTeamCountry "FIN"]
[BlackTeamCountry "MNC"]

1. e4 Nf6 2. e5 Nd5 3. d4 d6 4. c4 Nb6 5. exd6 exd6 6. h3 Be7 7. Nf3 Nc6 8. Nc3
Bf5 9. Bd3 Bxd3 10. Qxd3 O-O 11. O-O Nb4 12. Qe2 Bf6 13. Be3 d5 14. a3 Nc6 15.
c5 Nc4 16. b3 Nxe3 17. Qxe3 Qd7 18. Qf4 a6 19. Rfd1 Rfe8 20. Rab1 Nd8 21. b4
Ne6 22. Qd2 c6 23. a4 g5 24. g3 h5 25. Re1 Qc8 26. Kg2 g4 27. hxg4 hxg4 28. Ne5
Nxd4 29. Qxd4 Qf5 30. Nxg4 Bxd4 31. Nh6+ Kf8 32. Nxf5 Bxc3 33. Rh1 Kg8 34. Rh4
Re1 35. Rb3 Bf6 36. Rg4+ Kf8 37. Rf3 Re6 38. Nh6 Rd8 39. Rgf4 Ke7 40. Ng4 d4
41. Nxf6 d3 42. Ne4 f5 43. Nd6 Rdxd6 44. cxd6+ Rxd6 45. Re3+ Kf6 46. Re1 d2 47.
Rd1 1-0

[Event "43. Olimpiada Batumi 2018 Femenina"]
[Site "Batumi GEO"]
[Date "2018.10.02"]
[Round "8.2"]
[White "Jose Polanco, Kenia"]
[Black "Puuska, Heini"]
[Result "1/2-1/2"]
[WhiteElo "1872"]
[BlackElo "1961"]
[PlyCount "79"]
[EventDate "2018.09.24"]
[EventType "team-swiss"]
[EventRounds "11"]
[EventCountry "GEO"]
[SourceTitle "Ajedrez en Madrid"]
[Source "lmi"]
[SourceDate "2018.09.24"]
[WhiteTeam "Monaco"]
[BlackTeam "Finland"]
[WhiteTeamCountry "MNC"]
[BlackTeamCountry "FIN"]

1. d4 d5 2. Bf4 Nf6 3. e3 e6 4. Nf3 Bd6 5. Bg5 O-O 6. Bd3 b6 7. Nbd2 Ba6 8. c4
c5 9. O-O cxd4 10. Nxd4 Nbd7 11. Nb5 Bxb5 12. cxb5 Rc8 13. Rc1 Rxc1 14. Qxc1
Bxh2+ 15. Kxh2 Ng4+ 16. Kg3 Qxg5 17. Nf3 Qe7 18. Kxg4 f5+ 19. Kh3 g5 20. Nd4
g4+ 21. Kg3 Nc5 22. Bb1 Qd7 23. f4 gxf3 24. gxf3 e5 25. b4 exd4 26. bxc5 dxe3
27. c6 f4+ 28. Kh2 Qe6 29. Rg1+ Kf7 30. Rg2 Qh6+ 31. Kg1 Qh4 32. Qd1 Ke6 33. a4
Ke5 34. Ba2 d4 35. Bc4 Rf6 36. Qe2 Rh6 37. Rh2 Qg3+ 38. Rg2 Qh4 39. Rh2 Qg3+
40. Rg2 1/2-1/2

[Event "43. Olimpiada Batumi 2018 Femenina"]
[Site "Batumi GEO"]
[Date "2018.10.02"]
[Round "8.3"]
[White "Dannenberg, Alia"]
[Black "Berezovska, Svetlana"]
[Result "0-1"]
[WhiteElo "1926"]
[BlackElo "1812"]
[PlyCount "110"]
[EventDate "2018.09.24"]
[EventType "team-swiss"]
[EventRounds "11"]
[EventCountry "GEO"]
[SourceTitle "Ajedrez en Madrid"]
[Source "lmi"]
[SourceDate "2018.09.24"]
[WhiteTeam "Finland"]
[BlackTeam "Monaco"]
[WhiteTeamCountry "FIN"]
[BlackTeamCountry "MNC"]

1. e4 c5 2. Nc3 d6 3. g3 g6 4. Bg2 Bg7 5. d3 Nc6 6. Be3 Rb8 7. Qd2 b5 8. Nge2
h5 9. h3 b4 10. Nd1 a5 11. O-O a4 12. a3 b3 13. c3 e5 14. f4 Nge7 15. f5 Ng8
16. fxg6 fxg6 17. Rc1 Na5 18. Kh2 Be6 19. Ng1 Nh6 20. Bg5 Qd7 21. Nf3 Nf7 22.
Be3 O-O 23. Rf2 Kh7 24. Ng5+ Nxg5 25. Bxg5 Rxf2 26. Nxf2 Rf8 27. Rf1 Nc6 28.
Qe2 Bf6 29. Bd2 Qe7 30. g4 h4 31. Nd1 Rf7 32. Ne3 Bg5 33. Nd5 Bxd5 34. exd5 Nd8
35. Rxf7+ Nxf7 36. Qf2 Bxd2 37. Qxd2 Qf6 38. Kg1 Kg7 39. Qe3 Ng5 40. Qf2 Qxf2+
41. Kxf2 Kf6 42. Ke3 Nf7 43. Bf1 Kg5 44. Ke4 Kf6 45. Ke3 Kg5 46. d4 exd4+ 47.
cxd4 cxd4+ 48. Ke4 Ne5 49. Bb5 Nxg4 50. Bxa4 Nf2+ 51. Kxd4 Nxh3 52. Bd7 Nf2 53.
Kc3 Ne4+ 54. Kd4 Nc5 55. Be6 Kf4 0-1

[Event "43. Olimpiada Batumi 2018 Femenina"]
[Site "Batumi GEO"]
[Date "2018.10.02"]
[Round "8.4"]
[White "Berezovsky, Fiorina"]
[Black "Rinne, Heini"]
[Result "0-1"]
[WhiteElo "1526"]
[BlackElo "1760"]
[PlyCount "74"]
[EventDate "2018.09.24"]
[EventType "team-swiss"]
[EventRounds "11"]
[EventCountry "GEO"]
[SourceTitle "Ajedrez en Madrid"]
[Source "lmi"]
[SourceDate "2018.09.24"]
[WhiteTeam "Monaco"]
[BlackTeam "Finland"]
[WhiteTeamCountry "MNC"]
[BlackTeamCountry "FIN"]

1. e4 c6 2. d4 d5 3. exd5 cxd5 4. c4 Nf6 5. Nc3 e6 6. Nf3 Be7 7. cxd5 Nxd5 8.
Bd3 Nc6 9. O-O O-O 10. Re1 Bf6 11. a3 g6 12. Bc2 b6 13. Bh6 Bg7 14. Bxg7 Kxg7
15. Nxd5 exd5 16. Rc1 Bg4 17. Re3 Rc8 18. h3 Bxf3 19. Rxf3 Qh4 20. g4 h5 21.
Rg3 hxg4 22. Qxg4 Qxg4 23. Rxg4 Ne7 24. Re1 Rxc2 25. Rxe7 a5 26. Rd7 Rxb2 27.
Rxd5 Rb3 28. a4 Rxh3 29. Rb5 Rb8 30. d5 Rd3 31. Kf1 Rd8 32. Rxb6 R8xd5 33. Rc4
Rf5 34. Kg2 Rd2 35. Re4 Rdxf2+ 36. Kg1 R2f4 37. Rxf4 Rxf4 0-1

[Event "43. Olimpiada Batumi 2018 Femenina"]
[Site "Batumi GEO"]
[Date "2018.10.02"]
[Round "8.1"]
[White "Mencos Castillo, Maria"]
[Black "Faqeeh, Rahaf"]
[Result "1-0"]
[WhiteElo "1888"]
[BlackElo "1400"]
[PlyCount "61"]
[EventDate "2018.09.24"]
[EventType "team-swiss"]
[EventRounds "11"]
[EventCountry "GEO"]
[SourceTitle "Ajedrez en Madrid"]
[Source "lmi"]
[SourceDate "2018.09.24"]
[WhiteTeam "Guatemala"]
[BlackTeam "Palestine"]
[WhiteTeamCountry "GUA"]
[BlackTeamCountry "PLE"]

1. e4 e6 2. d4 d5 3. Nc3 Nf6 4. e5 Nfd7 5. f4 c5 6. dxc5 Bxc5 7. Nf3 Nc6 8. Bd3
a6 9. Qe2 Qb6 10. Bd2 Nd4 11. Nxd4 Bxd4 12. Nd1 Qa7 13. Be3 Bxe3 14. Nxe3 Nc5
15. O-O g6 16. Kh1 Bd7 17. c4 dxc4 18. Nxc4 b5 19. Nd6+ Ke7 20. Be4 Rab8 21.
Rac1 Nxe4 22. Qxe4 Qa8 23. Qb4 Kf8 24. Rc7 Rd8 25. Nb7+ Kg7 26. Qe7 Rhe8 27.
Qf6+ Kg8 28. Rd1 Rf8 29. Nxd8 Rxd8 30. Rdxd7 Rxd7 31. Rxd7 1-0

[Event "43. Olimpiada Batumi 2018 Femenina"]
[Site "Batumi GEO"]
[Date "2018.10.02"]
[Round "8.3"]
[White "Mazariegos, Silvia Carolina"]
[Black "Albzoor, Anwar"]
[Result "1-0"]
[WhiteElo "1922"]
[BlackElo "1595"]
[PlyCount "47"]
[EventDate "2018.09.24"]
[EventType "team-swiss"]
[EventRounds "11"]
[EventCountry "GEO"]
[SourceTitle "Ajedrez en Madrid"]
[Source "lmi"]
[SourceDate "2018.09.24"]
[WhiteTeam "Guatemala"]
[BlackTeam "Palestine"]
[WhiteTeamCountry "GUA"]
[BlackTeamCountry "PLE"]

1. d4 d5 2. e3 Nf6 3. Bd3 e6 4. Nd2 Be7 5. f4 c5 6. c3 O-O 7. Ngf3 b6 8. Ne5
Bb7 9. Qf3 Nbd7 10. O-O Qc7 11. g4 Nxe5 12. dxe5 Nd7 13. g5 d4 14. Qh3 g6 15.
exd4 Rfd8 16. Ne4 Nf8 17. Be3 cxd4 18. cxd4 Rac8 19. Rac1 Qb8 20. Qg4 Qa8 21.
Rxc8 Rxc8 22. Nf6+ Kh8 23. h4 Nd7 24. Nxd7 1-0

[Event "43. Olimpiada Batumi 2018 Femenina"]
[Site "Batumi GEO"]
[Date "2018.10.02"]
[Round "8.4"]
[White "Faqeeh, Aseel"]
[Black "Diaz, Luisa"]
[Result "0-1"]
[WhiteElo "1432"]
[BlackElo "1718"]
[PlyCount "80"]
[EventDate "2018.09.24"]
[EventType "team-swiss"]
[EventRounds "11"]
[EventCountry "GEO"]
[SourceTitle "Ajedrez en Madrid"]
[Source "lmi"]
[SourceDate "2018.09.24"]
[WhiteTeam "Palestine"]
[BlackTeam "Guatemala"]
[WhiteTeamCountry "PLE"]
[BlackTeamCountry "GUA"]

1. d4 Nf6 2. c4 g6 3. Nc3 d5 4. Nf3 Bg7 5. cxd5 Nxd5 6. e4 Nxc3 7. bxc3 c5 8.
Bc4 O-O 9. O-O Nc6 10. Bb2 Qc7 11. Qc2 Bg4 12. Nd2 Na5 13. f3 Nxc4 14. Nxc4
cxd4 15. cxd4 Rac8 16. Rac1 Bd7 17. Qd2 Bb5 18. Na3 Qb6 19. Nxb5 Qxb5 20. Rc2
Rxc2 21. Qxc2 Qb6 22. Rd1 Rd8 23. Qf2 Rc8 24. Ba3 Rc4 25. e5 e6 26. f4 Qc6 27.
Rb1 b6 28. Qe3 Rc3 29. Rc1 Rxe3 30. Rxc6 Rxa3 31. Rc2 Ra4 32. Rd2 Bf8 33. Kf2
Ra3 34. g3 Kg7 35. Kg2 Bb4 36. Rc2 Rc3 37. Rb2 a5 38. Kh3 Rd3 39. Rc2 Rxd4 40.
Rc6 Bc5 0-1

[Event "43. Olimpiada Batumi 2018 Femenina"]
[Site "Batumi GEO"]
[Date "2018.10.02"]
[Round "8.1"]
[White "Mendez Tovar, Yessica Yissel"]
[Black "Cordero, Daniela"]
[Result "0-1"]
[WhiteElo "2126"]
[BlackElo "2082"]
[PlyCount "68"]
[EventDate "2018.09.24"]
[EventType "team-swiss"]
[EventRounds "11"]
[EventCountry "GEO"]
[SourceTitle "Ajedrez en Madrid"]
[Source "lmi"]
[SourceDate "2018.09.24"]
[WhiteTeam "Mexico"]
[BlackTeam "Bolivia"]
[WhiteTeamCountry "MEX"]
[BlackTeamCountry "BOL"]

1. d4 e6 2. g3 f5 3. Bg2 Nf6 4. c4 c6 5. Nc3 Bb4 6. Bd2 O-O 7. Nh3 d6 8. Qb3 a5
9. O-O Qe8 10. a3 Bxc3 11. Bxc3 Kh8 12. Qc2 e5 13. dxe5 dxe5 14. b4 a4 15. Qb2
Nbd7 16. b5 c5 17. Rac1 h6 18. Rfd1 Qe7 19. f3 b6 20. Nf2 Bb7 21. Nd3 Rae8 22.
Qc2 Nh5 23. Qd2 Rd8 24. Qe3 Rde8 25. Kh1 f4 26. gxf4 Nxf4 27. Nxf4 Rxf4 28. Bh3
Nf6 29. Be1 Rd4 30. Bf2 Qd8 31. Rg1 e4 32. f4 Rd3 33. Rcd1 Rxd1 34. Be1 Rd3 0-1

[Event "43. Olimpiada Batumi 2018 Femenina"]
[Site "Batumi GEO"]
[Date "2018.10.02"]
[Round "8.2"]
[White "Ramirez, Maria Eugenia"]
[Black "Fuentes Godoy, Lilia Ivonne"]
[Result "1/2-1/2"]
[WhiteElo "2052"]
[BlackElo "2079"]
[PlyCount "128"]
[EventDate "2018.09.24"]
[EventType "team-swiss"]
[EventRounds "11"]
[EventCountry "GEO"]
[SourceTitle "Ajedrez en Madrid"]
[Source "lmi"]
[SourceDate "2018.09.24"]
[WhiteTeam "Bolivia"]
[BlackTeam "Mexico"]
[WhiteTeamCountry "BOL"]
[BlackTeamCountry "MEX"]

1. e4 e6 2. d4 d5 3. exd5 exd5 4. c4 Bb4+ 5. Nc3 c6 6. cxd5 cxd5 7. Bd3 Nc6 8.
Nge2 Nge7 9. O-O Bf5 10. a3 Bxc3 11. bxc3 Bxd3 12. Qxd3 O-O 13. Rb1 b6 14. Bg5
f6 15. Bh4 Ng6 16. Bg3 Na5 17. h4 Re8 18. Rfe1 Nc4 19. h5 Nf8 20. Nf4 Qd7 21.
a4 Rad8 22. Rxe8 Qxe8 23. h6 gxh6 24. Nxd5 Rxd5 25. Qxc4 Qe6 26. Rb5 Rg5 27.
Qxe6+ Nxe6 28. d5 Nc5 29. d6 Kf7 30. Rb4 Rd5 31. Rh4 h5 32. Kh2 Kg6 33. Kh3 Nb7
34. Re4 Nxd6 35. Re7 Nf5 36. Rxa7 Rc5 37. Rc7 Ra5 38. Rc4 b5 39. axb5 Rxb5 40.
Rb4 Rd5 41. Rc4 Rd1 42. Kh2 Rf1 43. f3 Ne3 44. Re4 Nf5 45. Be1 Nd6 46. Re6 Nf5
47. c4 Kf7 48. Re2 Nd4 49. Re4 Nc6 50. c5 f5 51. Re3 h4 52. g3 Nd4 53. c6 Nxc6
54. Kg2 Rxe1 55. Rxe1 hxg3 56. Kxg3 Kf6 57. Rh1 Kg6 58. Kf4 Nd8 59. Ke5 Nf7+
60. Kf4 Nd8 61. Ke5 Nf7+ 62. Kf4 Nd8 63. Re1 Kf6 64. Rh1 Kg6 1/2-1/2

[Event "43. Olimpiada Batumi 2018 Femenina"]
[Site "Batumi GEO"]
[Date "2018.10.02"]
[Round "8.3"]
[White "Real Pereyra, Diana Carime"]
[Black "Monroy G., Nataly A"]
[Result "1-0"]
[WhiteElo "2110"]
[BlackElo "1961"]
[PlyCount "53"]
[EventDate "2018.09.24"]
[EventType "team-swiss"]
[EventRounds "11"]
[EventCountry "GEO"]
[SourceTitle "Ajedrez en Madrid"]
[Source "lmi"]
[SourceDate "2018.09.24"]
[WhiteTeam "Mexico"]
[BlackTeam "Bolivia"]
[WhiteTeamCountry "MEX"]
[BlackTeamCountry "BOL"]

1. e4 c5 2. Nf3 Nc6 3. Nc3 g6 4. Bc4 Bg7 5. O-O e6 6. d4 cxd4 7. Nb5 d6 8. c3
Nge7 9. Bg5 O-O 10. Nfxd4 Nxd4 11. Nxd4 h6 12. Bh4 a6 13. Bb3 g5 14. Bg3 d5 15.
e5 Nc6 16. f4 Nxd4 17. Qxd4 g4 18. Rad1 Qe7 19. c4 dxc4 20. Qxc4 h5 21. Rd6 b5
22. Qd3 f5 23. Bf2 Re8 24. Qxf5 Qf7 25. Qg5 Kh8 26. Bc2 Rf8 27. Bd4 1-0

[Event "43. Olimpiada Batumi 2018 Femenina"]
[Site "Batumi GEO"]
[Date "2018.10.02"]
[Round "8.4"]
[White "Molina, Jessica"]
[Black "Garcia Morales, Ivette Ale"]
[Result "1-0"]
[WhiteElo "1806"]
[BlackElo "2013"]
[PlyCount "53"]
[EventDate "2018.09.24"]
[EventType "team-swiss"]
[EventRounds "11"]
[EventCountry "GEO"]
[SourceTitle "Ajedrez en Madrid"]
[Source "lmi"]
[SourceDate "2018.09.24"]
[WhiteTeam "Bolivia"]
[BlackTeam "Mexico"]
[WhiteTeamCountry "BOL"]
[BlackTeamCountry "MEX"]

1. f4 d5 2. Nf3 c5 3. e3 Nc6 4. b3 Nf6 5. Bb2 Bg4 6. Be2 g6 7. O-O Bg7 8. d3
O-O 9. Nbd2 Qc7 10. Ne5 Bxe2 11. Qxe2 Ne8 12. Ndf3 Nd6 13. Rad1 Rae8 14. Qf2
Nd8 15. c4 e6 16. d4 Ne4 17. Qc2 f6 18. Ng4 Nc6 19. dxc5 Nb4 20. Qb1 Nxc5 21.
a3 Nc6 22. cxd5 exd5 23. b4 Na4 24. Rxd5 Nxb2 25. Qxb2 f5 26. Qb3 Qf7 27. Ng5
1-0

[Event "43. Olimpiada Batumi 2018 Femenina"]
[Site "Batumi GEO"]
[Date "2018.10.02"]
[Round "8.1"]
[White "Hamoonga, Linda Banti"]
[Black "A-Ali, Sali Abbas Abdulzah"]
[Result "1/2-1/2"]
[WhiteElo "1767"]
[BlackElo "1848"]
[PlyCount "66"]
[EventDate "2018.09.24"]
[EventType "team-swiss"]
[EventRounds "11"]
[EventCountry "GEO"]
[SourceTitle "Ajedrez en Madrid"]
[Source "lmi"]
[SourceDate "2018.09.24"]
[WhiteTeam "Zambia"]
[BlackTeam "Iraq"]
[WhiteTeamCountry "ZAM"]
[BlackTeamCountry "IRQ"]

1. d4 d5 2. c4 e6 3. Nf3 Nf6 4. Nc3 Be7 5. e3 O-O 6. Bd3 b6 7. O-O Bb7 8. a3 c5
9. dxc5 Bxc5 10. cxd5 Nxd5 11. Nxd5 Bxd5 12. Be2 Nd7 13. b4 Be7 14. Bb2 Nf6 15.
Rc1 Ne4 16. Bc4 Bb7 17. Qe2 Bf6 18. Rfd1 Qe7 19. Bb5 Rfd8 20. Nd4 Bxd4 21. Rxd4
Rxd4 22. Bxd4 h6 23. f3 Nd6 24. e4 Nxb5 25. Qxb5 Rd8 26. Be3 Qf6 27. Qe2 Qe5
28. Rd1 Rxd1+ 29. Qxd1 Qc3 30. Qc1 Qd3 31. Bf4 a5 32. bxa5 bxa5 33. Bd2 a4
1/2-1/2

[Event "43. Olimpiada Batumi 2018 Femenina"]
[Site "Batumi GEO"]
[Date "2018.10.02"]
[Round "8.2"]
[White "Al-Fayyadh, Yamama Asif Abdula"]
[Black "Mututubanya, Portiah"]
[Result "1-0"]
[WhiteElo "1604"]
[BlackElo "1505"]
[PlyCount "117"]
[EventDate "2018.09.24"]
[EventType "team-swiss"]
[EventRounds "11"]
[EventCountry "GEO"]
[SourceTitle "Ajedrez en Madrid"]
[Source "lmi"]
[SourceDate "2018.09.24"]
[WhiteTeam "Iraq"]
[BlackTeam "Zambia"]
[WhiteTeamCountry "IRQ"]
[BlackTeamCountry "ZAM"]

1. e4 e5 2. Nf3 d6 3. d4 Bg4 4. dxe5 Bxf3 5. Qxf3 dxe5 6. Bc4 Nf6 7. Qb3 Qe7 8.
Bxf7+ Qxf7 9. Qxb7 Nxe4 10. Qxe4 c6 11. Qxe5+ Be7 12. O-O O-O 13. Bg5 Bb4 14.
c3 Nd7 15. Qe4 Bc5 16. Bh4 Rae8 17. Qc2 Qh5 18. Bg3 Re2 19. Qd1 Qe8 20. Nd2 Nf6
21. Re1 Rxe1+ 22. Qxe1 Qxe1+ 23. Rxe1 Ng4 24. Nf3 Rd8 25. h3 Nf6 26. Kf1 Kf7
27. Ne5+ Kf8 28. Nc4 Kf7 29. Bf4 Nd5 30. Bg5 Rb8 31. b4 Bb6 32. Ne5+ Kf8 33.
Nd7+ Kf7 34. Nxb8 Nxc3 35. Nxc6 Nxa2 36. Be3 Bc7 37. Bd4 Bd6 38. b5 Nb4 39.
Nxb4 Bxb4 40. Rb1 Bd6 41. Bxa7 Ke7 42. b6 Bc5 43. Bb8 Kd7 44. Bg3 Kc6 45. b7
Ba7 46. b8=Q Bxb8 47. Rxb8 Kd5 48. Rg8 g6 49. Rg7 Ke6 50. Rxh7 Kf5 51. Ke2 g5
52. Ke3 g4 53. hxg4+ Kxg4 54. Ke4 Kg5 55. Be5 Kg4 56. Rg7+ Kh5 57. Kf4 Kh6 58.
Kf5 Kh5 59. Rh7# 1-0

[Event "43. Olimpiada Batumi 2018 Femenina"]
[Site "Batumi GEO"]
[Date "2018.10.02"]
[Round "8.3"]
[White "Simenda, Daisy"]
[Black "Al-Fayyadh, Zainab Asif Abdulah"]
[Result "1/2-1/2"]
[WhiteElo "1509"]
[BlackElo "1705"]
[PlyCount "75"]
[EventDate "2018.09.24"]
[EventType "team-swiss"]
[EventRounds "11"]
[EventCountry "GEO"]
[SourceTitle "Ajedrez en Madrid"]
[Source "lmi"]
[SourceDate "2018.09.24"]
[WhiteTeam "Zambia"]
[BlackTeam "Iraq"]
[WhiteTeamCountry "ZAM"]
[BlackTeamCountry "IRQ"]

1. e4 e5 2. Nf3 Nc6 3. Bc4 Bc5 4. O-O Nf6 5. d4 Bxd4 6. Nxd4 Nxd4 7. f4 d6 8.
fxe5 dxe5 9. Bg5 Be6 10. Na3 Qd7 11. Bxf6 gxf6 12. c3 Nc6 13. Bxe6 Qxd1 14.
Bxf7+ Kxf7 15. Raxd1 Ke6 16. Rd2 a6 17. Rdf2 Rhf8 18. Nc4 Rad8 19. Ne3 Ne7 20.
Ng4 Ng8 21. Rf5 Ke7 22. h3 c5 23. Ne3 Rd2 24. R1f2 Rxf2 25. Kxf2 Ke6 26. Nd5
Ne7 27. Nxe7 Kxe7 28. Ke3 b5 29. g4 Rg8 30. Rf2 Rd8 31. Ke2 h6 32. Rf3 Kf7 33.
h4 Kg7 34. h5 Kf7 35. a3 a5 36. b3 Ke6 37. Rf1 Ke7 38. Rf3 1/2-1/2